[Event "Bundesliga 0809"]
[Site "Germany"]
[Date "2009.03.29"]
[Round "15.6"]
[White "Paehtz, Elisabeth"]
[Black "Senff, Martin"]
[Result "1/2-1/2"]
[WhiteElo "2471"]
[BlackElo "2468"]
[PlyCount "54"]
[EventDate "2008.10.03"]
[EventType "team-tourn"]
[EventRounds "15"]
[EventCountry "GER"]
[SourceTitle "CBM 129 Extra"]
[Source "ChessBase"]
[SourceDate "2009.05.05"]
[SourceVersion "2"]
[SourceVersionDate "2009.05.20"]
[SourceQuality "1"]
[WhiteTeam "Kreuzberg"]
[BlackTeam "Katernberg"]
[WhiteTeamCountry "GER"]
[BlackTeamCountry "GER"]

1. e4 e5 2. Nf3 Nf6 3. Nc3 Nc6 4. d4 exd4 5. Nxd4 Bb4 6. Nxc6 bxc6 7. Bd3 d5 8. exd5 cxd5 9. 0-0 0-0 10. Bg5 c6 11. Na4 h6 12. Bh4 Re8 13. c4 Bd6 14. Kh1 Rb8 15. b3 Be5 16. Rc1 Qd6 17. Re1 Bg4 18. f3 Bd7 19. Rxe5 Rxe5 20. Bg3 Rbe8 21. cxd5 cxd5 22. Nc5 Bc6 23. Bf1 Nh5 24. Bxe5 Qxe5 25. Nd3 Qd6 26. Qd2 Bb5 27. Qb4 Qxb4 1/2-1/2

[Event "Bundesliga 0809"]
[Site "Germany"]
[Date "2008.12.14"]
[Round "9.7"]
[White "Senff, Martin"]
[Black "Heinemann, Thies"]
[Result "1/2-1/2"]
[WhiteElo "2468"]
[BlackElo "2490"]
[PlyCount "42"]
[EventDate "2008.10.03"]
[EventType "team-tourn"]
[EventRounds "15"]
[EventCountry "GER"]
[SourceTitle "CBM 127 Extra"]
[Source "ChessBase"]
[SourceDate "2009.01.08"]
[SourceVersion "2"]
[SourceVersionDate "2009.01.28"]
[SourceQuality "1"]
[WhiteTeam "Katernberg"]
[BlackTeam "Hamburger SK"]
[WhiteTeamCountry "GER"]
[BlackTeamCountry "GER"]

1. e4 c5 2. Nf3 d6 3. d4 cxd4 4. Nxd4 Nf6 5. Nc3 a6 6. Be3 e5 7. Nf3 Be7 8. Bc4 0-0 9. 0-0 Be6 10. Bb3 Qc7 11. Qe2 Rc8 12. Rad1 Bc4 13. Bxc4 Qxc4 14. Qd3 Nbd7 15. Rfe1 b5 16. a3 Rab8 17. Nd2 Qxd3 18. cxd3 Nc5 19. Nf3 b4 20. axb4 Rxb4 21. Re2 Na4 1/2-1/2

[Event "Bundesliga 0809"]
[Site "Germany"]
[Date "2008.11.29"]
[Round "5.5"]
[White "Senff, Martin"]
[Black "Spoelman, Wouter"]
[Result "1-0"]
[WhiteElo "2468"]
[BlackElo "2459"]
[PlyCount "57"]
[EventDate "2008.10.03"]
[EventType "team-tourn"]
[EventRounds "15"]
[EventCountry "GER"]
[SourceTitle "CBM 127 Extra"]
[Source "ChessBase"]
[SourceDate "2009.01.08"]
[SourceVersion "2"]
[SourceVersionDate "2009.01.28"]
[SourceQuality "1"]
[WhiteTeam "Katernberg"]
[BlackTeam "Emsdetten"]
[WhiteTeamCountry "GER"]
[BlackTeamCountry "GER"]

1. e4 e5 2. Nf3 Nc6 3. Bc4 Bc5 4. c3 Nf6 5. d3 d6 6. Bb3 a6 7. h3 h6 8. Nbd2 0-0 9. Qe2 Nh5 10. g3 g6 11. Nc4 Kg7 12. Ne3 Nf6 13. g4 h5 14. Nf5+ gxf5 15. gxf5 Rh8 16. Bg5 Qe7 17. Qd2 Kf8 18. 0-0-0 Ba7 19. Bh4 Nb8 20. Rhg1 Nbd7 21. Ng5 d5 22. exd5 Qd6 23. Ne6+ Ke7 24. Rg7 b5 25. Qg5 Rf8 26. Nxf8 Kxf8 27. Qh6 Bb7 28. Rdg1 Bc5 29. Qh8+ 1-0

[Event "Bundesliga 0809"]
[Site "Germany"]
[Date "2008.11.28"]
[Round "7.7"]
[White "Berelowitsch, Alexander"]
[Black "Senff, Martin"]
[Result "1/2-1/2"]
[WhiteElo "2576"]
[BlackElo "2468"]
[PlyCount "41"]
[EventDate "2008.10.03"]
[EventType "team-tourn"]
[EventRounds "15"]
[EventCountry "GER"]
[SourceTitle "CBM 127 Extra"]
[Source "ChessBase"]
[SourceDate "2009.01.08"]
[SourceVersion "2"]
[SourceVersionDate "2009.01.28"]
[SourceQuality "1"]
[WhiteTeam "Muelheim"]
[BlackTeam "Katernberg"]
[WhiteTeamCountry "GER"]
[BlackTeamCountry "GER"]

1. e4 e5 2. Nf3 Nf6 3. Nxe5 d6 4. Nf3 Nxe4 5. d4 d5 6. Bd3 Bd6 7. 0-0 0-0 8. c4 c6 9. Qc2 Na6 10. a3 Bg4 11. Bxe4 dxe4 12. Ng5 Bf5 13. Nc3 Re8 14. Re1 Bg6 15. Ngxe4 f5 16. c5 fxe4 17. cxd6 e3 18. Qb3+ Bf7 19. Qc2 Bg6 20. Qb3+ Bf7 21. Qc2 1/2-1/2

[Event "Bundesliga 0708"]
[Site "Germany"]
[Date "2008.03.09"]
[Round "11.6"]
[White "Popovic, Petar"]
[Black "Senff, Martin"]
[Result "1/2-1/2"]
[WhiteElo "2474"]
[BlackElo "2474"]
[PlyCount "31"]
[EventDate "2007.10.20"]
[EventType "team-tourn"]
[EventRounds "15"]
[EventCountry "GER"]
[SourceTitle "CBM 123"]
[Source "ChessBase"]
[SourceDate "2008.04.02"]
[SourceVersion "1"]
[SourceVersionDate "2008.04.02"]
[SourceQuality "1"]
[WhiteTeam "Remagen"]
[BlackTeam "Katernberg"]
[WhiteTeamCountry "GER"]
[BlackTeamCountry "GER"]

1. e4 e5 2. Nf3 Nf6 3. Nc3 Nc6 4. Bb5 Bb4 5. 0-0 0-0 6. Bxc6 dxc6 7. d3 Bg4 8. h3 Bh5 9. Bd2 Qe7 10. Kh1 Nd7 11. g4 Bg6 12. a3 Bxc3 13. Bxc3 c5 14. Qe2 a5 15. a4 Rfe8 16. Nd2 1/2-1/2

[Event "FRA-chT2 East 0708"]
[Site "France"]
[Date "2008.01.20"]
[Round "6.3"]
[White "Senff, Martin"]
[Black "Bakalarz, Mietek"]
[Result "1-0"]
[WhiteElo "2457"]
[BlackElo "2347"]
[PlyCount "87"]
[EventDate "2007.10.21"]
[EventType "team"]
[EventRounds "11"]
[EventCountry "FRA"]
[SourceTitle "EXT 2009"]
[Source "ChessBase"]
[SourceDate "2008.11.26"]
[SourceVersion "1"]
[SourceVersionDate "2008.11.26"]
[SourceQuality "1"]
[WhiteTeam "Metz Fischer II"]
[BlackTeam "Epinal"]
[WhiteTeamCountry "FRA"]
[BlackTeamCountry "FRA"]

1. e4 e5 2. Nf3 Nf6 3. Nxe5 d6 4. Nf3 Nxe4 5. Nc3 Nf6 6. d4 Be7 7. Bd3 Bg4 8. h3 Bh5 9. g4 Bg6 10. Bf4 Na6 11. a3 c6 12. Qd2 Qa5 13. 0-0-0 Nd5 14. Nxd5 Qxd5 15. Bxa6 bxa6 16. Rhe1 Rd8 17. Nh4 Rd7 18. b3 Qb5 19. Re3 0-0 20. a4 Qb8 21. Nxg6 fxg6 22. Re6 Qd8 23. Kb1 Bh4 24. Bg3 Bxg3 25. fxg3 a5 26. Rde1 Re7 27. Qc3 Qc7 28. Qc4 Kh8 29. R1e3 g5 30. h4 gxh4 31. gxh4 h6 32. g5 d5 33. Qd3 Qf4 34. gxh6 Qf1+ 35. Qxf1 Rxf1+ 36. Kb2 Ref7 37. hxg7+ Kxg7 38. Rf6 Kxf6 39. Rc3 Kf5 40. Rxc6 Ke4 41. Rc7 Kxd4 42. Rxa7 Rh1 43. Rxa5 Rxh4 44. Rb5 1-0

[Event "Bundesliga 0708"]
[Site "Germany"]
[Date "2007.12.09"]
[Round "6.7"]
[White "Miltner, Arndt"]
[Black "Senff, Martin"]
[Result "0-1"]
[WhiteElo "2363"]
[BlackElo "2474"]
[PlyCount "66"]
[EventDate "2007.10.20"]
[EventType "team-tourn"]
[EventRounds "15"]
[EventCountry "GER"]
[SourceTitle "CBM 123"]
[Source "ChessBase"]
[SourceDate "2008.04.02"]
[SourceVersion "1"]
[SourceVersionDate "2008.04.02"]
[SourceQuality "1"]
[WhiteTeam "Eppingen"]
[BlackTeam "Katernberg"]
[WhiteTeamCountry "GER"]
[BlackTeamCountry "GER"]

1. Nf3 d5 2. e3 Nf6 3. c4 e6 4. b3 Be7 5. Bb2 0-0 6. g3 c5 7. Bg2 Nc6 8. 0-0 d4 9. exd4 cxd4 10. Re1 Ne8 11. d3 f6 12. a3 a5 13. Nbd2 Nc7 14. Rb1 Na6 15. Nh4 f5 16. Bxc6 bxc6 17. Nhf3 c5 18. Ne5 Bb7 19. Qe2 Qc7 20. Ndf3 f4 21. Bc1 fxg3 22. fxg3 Rae8 23. Bf4 Bd6 24. Rf1 Ba8 25. h4 Nb8 26. Kh2 Rf5 27. Rbe1 Nd7 28. Nxd7 Bxf4 29. Nfe5 Be3 30. Qg4 Qb7 31. Qh3 Qxb3 32. Rxe3 dxe3 33. Rxf5 Qb2+ 0-1

[Event "Bundesliga 0607"]
[Site "Germany"]
[Date "2007.03.31"]
[Round "14.5"]
[White "Tomczak, Rainer"]
[Black "Senff, Martin"]
[Result "0-1"]
[WhiteElo "2323"]
[BlackElo "2449"]
[PlyCount "98"]
[EventDate "2006.10.28"]
[EventType "team-tourn"]
[EventRounds "15"]
[EventCountry "GER"]
[SourceTitle "CBM 118"]
[Source "ChessBase"]
[SourceDate "2007.05.31"]
[SourceVersion "1"]
[SourceVersionDate "2007.05.31"]
[SourceQuality "1"]
[WhiteTeam "Berlin Tegel"]
[BlackTeam "Katernberg"]
[WhiteTeamCountry "GER"]
[BlackTeamCountry "GER"]

1. e4 c5 2. Nf3 d6 3. c4 e5 4. d3 g6 5. g3 Bg7 6. Bg2 Ne7 7. 0-0 0-0 8. Nc3 Nbc6 9. Ne1 Be6 10. Be3 Qd7 11. Qd2 Nd4 12. Nd5 f5 13. f4 fxe4 14. dxe4 exf4 15. Bxf4 Bg4 16. Nd3 Ne2+ 17. Kh1 Nxf4 18. N3xf4 Rad8 19. h3 Be6 20. Nxe6 Qxe6 21. Nxe7+ Qxe7 22. Rae1 Be5 23. Kh2 Kg7 24. Bf3 Qh4 25. Qf2 Qf6 26. Kg2 Bd4 27. Qe2 Qe5 28. b3 h5 29. h4 Rf6 30. Rd1 Rdf8 31. Qd2 Kh7 32. Qg5 Rxf3 33. Qxe5 Rf2+ 34. Rxf2 Rxf2+ 35. Kg1 dxe5 36. Rxd4 exd4 37. Kxf2 g5 38. hxg5 Kg6 39. Ke2 Kxg5 40. Kd3 b6 41. b4 a5 42. bxa5 bxa5 43. Ke2 Kf6 44. a4 Ke5 45. Kd3 h4 46. gxh4 Kf4 47. h5 Kg5 48. e5 Kxh5 49. Ke4 Kg5 0-1

[Event "Bundesliga 0607"]
[Site "Germany"]
[Date "2007.03.18"]
[Round "13.6"]
[White "Boensch, Uwe"]
[Black "Senff, Martin"]
[Result "1-0"]
[WhiteElo "2524"]
[BlackElo "2449"]
[PlyCount "51"]
[EventDate "2006.10.28"]
[EventType "team-tourn"]
[EventRounds "15"]
[EventCountry "GER"]
[SourceTitle "CBM 118"]
[Source "ChessBase"]
[SourceDate "2007.05.31"]
[SourceVersion "1"]
[SourceVersionDate "2007.05.31"]
[SourceQuality "1"]
[WhiteTeam "Tegernsee"]
[BlackTeam "Katernberg"]
[WhiteTeamCountry "GER"]
[BlackTeamCountry "GER"]

1. d4 d5 2. c4 e6 3. Nc3 Be7 4. Nf3 Nf6 5. Bg5 h6 6. Bxf6 Bxf6 7. e3 0-0 8. Qb3 dxc4 9. Bxc4 c5 10. dxc5 Nd7 11. c6 bxc6 12. 0-0 Rb8 13. Qc2 Qa5 14. Rab1 Ne5 15. Nxe5 Bxe5 16. Ne4 c5 17. f4 Bc7 18. Rf3 Rd8 19. Rg3 Kf8 20. Rf1 f5 21. Nc3 Rb6 22. e4 Rbd6 23. Qe2 Bd7 24. Re1 fxe4 25. Qxe4 Rd4 26. Qh7 1-0

[Event "Basel Hilton op 09th"]
[Site "Basel"]
[Date "2007.01.06"]
[Round "6"]
[White "Milosevic, Goran"]
[Black "Senff, Martin"]
[Result "1/2-1/2"]
[WhiteElo "2401"]
[BlackElo "2468"]
[PlyCount "63"]
[EventDate "2007.01.01"]
[EventType "swiss"]
[EventRounds "7"]
[EventCountry "SUI"]
[SourceTitle "CBM 116 Extra"]
[Source "ChessBase"]
[SourceDate "2007.03.07"]
[SourceVersion "1"]
[SourceVersionDate "2007.03.07"]
[SourceQuality "1"]

1. e4 c5 2. Nc3 d6 3. Nf3 Nf6 4. d4 cxd4 5. Nxd4 a6 6. g3 e5 7. Nb3 Nbd7 8. a4 b6 9. Bg2 Bb7 10. 0-0 Be7 11. Re1 0-0 12. Nd2 Nc5 13. Nf1 b5 14. Bg5 b4 15. Bxf6 bxc3 16. Bxe7 Qxe7 17. bxc3 Qe6 18. Rb1 Rab8 19. Rb6 Rfd8 20. a5 Na4 21. Rb4 Bc6 22. Qd2 Nc5 23. Reb1 Rb5 24. Rxb5 Bxb5 25. Qd5 Qc8 26. Ne3 Qc7 27. Ra1 Bc6 28. Qc4 Qb7 29. Nf5 Qc7 30. Ne3 Qb7 31. Re1 Qc7 32. Ra1 1/2-1/2

[Event "Basel Hilton op 09th"]
[Site "Basel"]
[Date "2007.01.04"]
[Round "4"]
[White "Pikula, Dejan"]
[Black "Senff, Martin"]
[Result "1/2-1/2"]
[WhiteElo "2513"]
[BlackElo "2468"]
[PlyCount "108"]
[EventDate "2007.01.01"]
[EventType "swiss"]
[EventRounds "7"]
[EventCountry "SUI"]
[SourceTitle "CBM 116 Extra"]
[Source "ChessBase"]
[SourceDate "2007.03.07"]
[SourceVersion "1"]
[SourceVersionDate "2007.03.07"]
[SourceQuality "1"]

1. e4 c5 2. Nf3 d6 3. d4 cxd4 4. Nxd4 Nf6 5. Nc3 a6 6. Be2 e5 7. Nb3 Be7 8. 0-0 0-0 9. a4 b6 10. Bg5 Nbd7 11. Bc4 Bb7 12. Qe2 Ne8 13. Bxe7 Qxe7 14. Rfd1 Kh8 15. Bd5 Ndf6 16. Bxb7 Qxb7 17. Nd2 Rc8 18. Nc4 Qc6 19. Ne3 Nxe4 20. Nxe4 Qxe4 21. Qxa6 Qc6 22. Qd3 f5 23. b3 f4 24. Nc4 f3 25. Qd5 Qc7 26. gxf3 Qe7 27. Qd3 Qg5+ 28. Kh1 Qh5 29. Nd2 Rf4 30. c4 Nf6 31. Rg1 Rd4 32. Qe3 Qf5 33. Ra2 h6 34. Qe2 Rf8 35. Nf1 Nh5 36. Ng3 Qh3 37. Nxh5 Rh4 38. Rg2 Rxh5 39. Rd2 Rf6 40. Kg1 Qxf3 41. Qxf3 Rxf3 42. Rg3 Rh3 43. b4 Rhxg3+ 44. hxg3 Rb3 45. b5 Rb4 46. Rxd6 Rxc4 47. Rxb6 Rxa4 48. Kf1 Rb4 49. Ke2 Rb2+ 50. Ke3 h5 51. f3 Kh7 52. Rb8 g5 53. Rb7+ Kg6 54. Rb6+ Kf5 1/2-1/2

[Event "Tilburg Stukkenjagers op-A"]
[Site "Tilburg"]
[Date "2006.08.20"]
[Round "6"]
[White "Senff, Martin"]
[Black "Both, Erik"]
[Result "1-0"]
[WhiteElo "2464"]
[BlackElo "2286"]
[PlyCount "63"]
[EventDate "2006.08.18"]
[EventType "swiss"]
[EventRounds "6"]
[EventCountry "NED"]
[SourceTitle "CBM 113 Extra"]
[Source "ChessBase"]
[SourceDate "2006.09.14"]
[SourceVersion "1"]
[SourceVersionDate "2006.09.14"]
[SourceQuality "1"]

1. e4 g6 2. d4 Bg7 3. Nc3 d6 4. Nf3 a6 5. a4 b6 6. Bc4 e6 7. Bg5 Ne7 8. Qd2 Nd7 9. Bh6 0-0 10. 0-0 Bb7 11. Ba2 d5 12. e5 c5 13. Ne2 cxd4 14. Nexd4 Nc6 15. Bxg7 Kxg7 16. Rfe1 Nc5 17. Qf4 Nxd4 18. Nxd4 Rc8 19. Bb1 a5 20. c3 Ba6 21. Re3 h6 22. h4 Bc4 23. Bc2 Qe7 24. Rae1 Nd7 25. Rg3 Rg8 26. Ree3 Nb8 27. Rg4 h5 28. Rg5 Nd7 29. Reg3 Nf8 30. Rxh5 Rh8 31. Rxh8 Kxh8 32. h5 1-0

[Event "Dieren op"]
[Site "Dieren"]
[Date "2006.08.02"]
[Round "8"]
[White "Van der Poel, Henk"]
[Black "Senff, Martin"]
[Result "1/2-1/2"]
[WhiteElo "2305"]
[BlackElo "2464"]
[PlyCount "68"]
[EventDate "2006.07.25"]
[EventType "swiss"]
[EventRounds "9"]
[EventCountry "NED"]
[SourceTitle "CBM 113 Extra"]
[Source "ChessBase"]
[SourceDate "2006.09.14"]
[SourceVersion "1"]
[SourceVersionDate "2006.09.14"]
[SourceQuality "1"]

1. e4 c5 2. Nf3 d6 3. d4 cxd4 4. Nxd4 Nf6 5. Nc3 a6 6. Bc4 e6 7. Bb3 b5 8. 0-0 Be7 9. Qf3 Qc7 10. Qg3 Nc6 11. Nxc6 Qxc6 12. Re1 Bb7 13. a3 Rd8 14. f3 0-0 15. Bh6 Ne8 16. Rad1 Kh8 17. Bg5 Bxg5 18. Qxg5 Nf6 19. Qe3 Nd7 20. Rd4 Ne5 21. Red1 Rd7 22. h3 Qc5 23. Qf2 Rfd8 24. R4d2 Qc7 25. f4 Nc4 26. Bxc4 bxc4 27. f5 Ba8 28. fxe6 fxe6 29. e5 Kg8 30. Qd4 Qc6 31. Qg4 Qc5+ 32. Qd4 Qc6 33. Qh4 Qc5+ 34. Qd4 Qc6 1/2-1/2

[Event "Dieren op"]
[Site "Dieren"]
[Date "2006.07.29"]
[Round "5"]
[White "Senff, Martin"]
[Black "Swinkels, Robin"]
[Result "1/2-1/2"]
[WhiteElo "2464"]
[BlackElo "2286"]
[PlyCount "61"]
[EventDate "2006.07.25"]
[EventType "swiss"]
[EventRounds "9"]
[EventCountry "NED"]
[SourceTitle "CBM 113 Extra"]
[Source "ChessBase"]
[SourceDate "2006.09.14"]
[SourceVersion "1"]
[SourceVersionDate "2006.09.14"]
[SourceQuality "1"]

1. d4 Nf6 2. c4 g6 3. Nc3 d5 4. cxd5 Nxd5 5. e4 Nxc3 6. bxc3 Bg7 7. Nf3 c5 8. Be3 Qa5 9. Qd2 0-0 10. Rc1 cxd4 11. cxd4 Qxd2+ 12. Kxd2 Rd8 13. d5 e6 14. Bc4 Nc6 15. Rhd1 exd5 16. exd5 Na5 17. Ke1 Nxc4 18. Rxc4 Bf8 19. Ng5 Bf5 20. Rc7 Rd7 21. Rxd7 Bxd7 22. Ne4 Be7 23. Rc1 Bd8 24. Nc5 Bc8 25. d6 b6 26. Nd3 Bf5 27. Nb4 Kf8 28. Nc6 Bf6 29. Nd4 Bxd4 30. Bxd4 Rc8 31. Rxc8+ 1/2-1/2

[Event "Val Thorens op 32nd"]
[Site "Val Thorens"]
[Date "2006.07.18"]
[Round "4"]
[White "Horvath, Jozsef"]
[Black "Senff, Martin"]
[Result "1-0"]
[WhiteElo "2526"]
[BlackElo "2452"]
[PlyCount "77"]
[EventDate "2006.07.15"]
[EventType "swiss"]
[EventRounds "9"]
[EventCountry "FRA"]
[SourceTitle "EXT 2010"]
[Source "ChessBase"]
[SourceDate "2010.11.25"]
[SourceVersion "1"]
[SourceVersionDate "2010.11.25"]
[SourceQuality "1"]

1. e4 c5 2. Nf3 d6 3. d4 cxd4 4. Nxd4 Nf6 5. Nc3 a6 6. g3 e5 7. Nb3 Be7 8. Bg2 0-0 9. 0-0 Nbd7 10. a4 b6 11. Re1 Bb7 12. Nd2 Rc8 13. Nf1 Nc5 14. Bg5 Ne6 15. Bxf6 Bxf6 16. Ne3 g6 17. Ncd5 Bg5 18. c3 Bxe3 19. Rxe3 Bxd5 20. Qxd5 Qc7 21. h4 a5 22. Bh3 Qe7 23. Rd1 Rfd8 24. Red3 Rc5 25. Qb3 Rc6 26. Qb5 Qc7 27. Bxe6 fxe6 28. Qxe5 Qe7 29. Qb5 Qc7 30. Qg5 Rf8 31. h5 Qf7 32. R1d2 Rc4 33. Rxd6 Rxe4 34. Rd8 Re1+ 35. Kh2 Qf3 36. Rxf8+ Kxf8 37. Rd8+ Kf7 38. hxg6+ hxg6 39. Rd7+ 1-0

[Event "NOR-ch op"]
[Site "Oslo"]
[Date "2006.04.16"]
[Round "9"]
[White "Ferkingstad, Sjur"]
[Black "Senff, Martin"]
[Result "0-1"]
[WhiteElo "2228"]
[BlackElo "2476"]
[PlyCount "134"]
[EventDate "2006.04.08"]
[EventType "swiss"]
[EventRounds "9"]
[EventCountry "NOR"]
[SourceTitle "CBM 111 Extra"]
[Source "ChessBase"]
[SourceDate "2006.05.09"]
[SourceVersion "1"]
[SourceVersionDate "2006.05.09"]
[SourceQuality "1"]

1. e4 c5 2. Nc3 d6 3. f4 g6 4. Nf3 Bg7 5. Bc4 Nc6 6. 0-0 e6 7. f5 exf5 8. d3 Nge7 9. Qe1 h6 10. Qg3 Ne5 11. Nxe5 dxe5 12. Bb5+ Kf8 13. Bc4 Be6 14. Bxe6 fxe6 15. Qf2 b6 16. a4 Kg8 17. a5 Kh7 18. axb6 axb6 19. Rxa8 Qxa8 20. exf5 exf5 21. Qh4 Nd5 22. Bd2 Re8 23. Qc4 Nf6 24. Qf7 Qc6 25. Ra1 Ra8 26. Re1 Qd7 27. Qxd7 Nxd7 28. Nd5 Ra2 29. Rb1 Kg8 30. Nc3 Ra6 31. b4 cxb4 32. Rxb4 Bf8 33. Rb1 Bc5+ 34. Kf1 h5 35. Ke2 Kf7 36. Rb2 Ke6 37. Ra2 Rxa2 38. Nxa2 Nf6 39. h3 Nd5 40. Nc3 Nb4 41. Kd1 Nc6 42. Na4 e4 43. Nxc5+ bxc5 44. dxe4 fxe4 45. Ke2 Ne5 46. Be3 Kd5 47. Kf2 Nc4 48. Bh6 Na3 49. c3 Nc4 50. Bf8 Nd6 51. g4 hxg4 52. hxg4 Nc4 53. Kg3 Ne5 54. Bh6 Kc4 55. Kf4 Kd5 56. Kg3 Nd3 57. Bd2 Kc4 58. Kh4 Ne5 59. Be3 Nd7 60. Kg5 Kxc3 61. Kxg6 Kd3 62. Bf4 e3 63. Kf5 e2 64. Bg3 c4 65. g5 Nf8 66. Kf4 c3 67. Kf3 c2 0-1

[Event "NOR-ch op"]
[Site "Oslo"]
[Date "2006.04.09"]
[Round "2"]
[White "Bentsen, Oyvind"]
[Black "Senff, Martin"]
[Result "1/2-1/2"]
[WhiteElo "2211"]
[BlackElo "2476"]
[PlyCount "113"]
[EventDate "2006.04.08"]
[EventType "swiss"]
[EventRounds "9"]
[EventCountry "NOR"]
[SourceTitle "CBM 111 Extra"]
[Source "ChessBase"]
[SourceDate "2006.05.09"]
[SourceVersion "1"]
[SourceVersionDate "2006.05.09"]
[SourceQuality "1"]

1. e4 c5 2. Nf3 d6 3. d4 cxd4 4. Nxd4 Nf6 5. Nc3 a6 6. Bg5 e6 7. f4 Be7 8. Qd2 h6 9. Bh4 Nxe4 10. Bxe7 Nxd2 11. Bxd8 Nxf1 12. Bc7 Ne3 13. Bxd6 b6 14. Kf2 Nc4 15. Bxb8 Rxb8 16. b3 Na5 17. Ne4 0-0 18. c4 Bb7 19. Nc3 Rfd8 20. Rhd1 Kf8 21. Na4 Rd6 22. Nc2 Rxd1 23. Rxd1 Bc6 24. Nc3 Ke7 25. Nb4 Bb7 26. g3 g5 27. f5 Nc6 28. Nxc6+ Bxc6 29. fxe6 fxe6 30. Rd2 Rf8+ 31. Ke1 Rf3 32. Nd1 a5 33. Nf2 Rf5 34. Ng4 h5 35. Ne3 Rf8 36. Nc2 h4 37. Nd4 Bd7 38. gxh4 gxh4 39. Rf2 Rg8 40. Nf3 h3 41. Ne5 Be8 42. Nd3 Bg6 43. Nf4 Bf5 44. Rf3 Rg1+ 45. Rf1 Rxf1+ 46. Kxf1 Kd6 47. Ke2 Kc5 48. Kd2 Kb4 49. Ne2 a4 50. Nd4 Bb1 51. bxa4 Bxa2 52. a5 bxa5 53. Nxe6 Bxc4 54. Nf4 a4 55. Kc2 a3 56. Kb1 Bf1 57. Nxh3 1/2-1/2

[Event "Bundesliga 0506"]
[Site "Germany"]
[Date "2006.01.29"]
[Round "9.6"]
[White "Heinemann, Thies"]
[Black "Senff, Martin"]
[Result "1-0"]
[WhiteElo "2441"]
[BlackElo "2469"]
[PlyCount "91"]
[EventDate "2005.10.21"]
[EventType "team-tourn"]
[EventRounds "15"]
[EventCountry "GER"]
[SourceTitle "CBM 111"]
[Source "ChessBase"]
[SourceDate "2006.04.04"]
[SourceVersion "1"]
[SourceVersionDate "2006.04.04"]
[SourceQuality "1"]
[WhiteTeam "Hamburger SK"]
[BlackTeam "Katernberg"]
[WhiteTeamCountry "GER"]
[BlackTeamCountry "GER"]

1. e4 c5 2. Nf3 d6 3. d4 cxd4 4. Nxd4 Nf6 5. Nc3 a6 6. f4 e5 7. Nf3 Nbd7 8. a4 Be7 9. Bd3 0-0 10. 0-0 exf4 11. Kh1 Nc5 12. Bxf4 Bg4 13. Qd2 Rc8 14. Be3 Nxd3 15. Qxd3 Be6 16. Nd5 Bxd5 17. exd5 Qc7 18. c3 Qc4 19. Rfd1 Rfe8 20. h3 Bf8 21. Bg1 g6 22. Qxc4 Rxc4 23. b3 Rxc3 24. Bd4 Nxd5 25. Bxc3 Nxc3 26. Re1 Rd8 27. Rac1 Bg7 28. Re7 b5 29. axb5 axb5 30. Ng5 d5 31. Rxf7 Ne2 32. Rcc7 Bh8 33. Nxh7 Ng3+ 34. Kh2 Ne4 35. Rfe7 Bc3 36. Re6 Kh8 37. h4 Bb4 38. Kg1 Bd6 39. Rf7 Bc5+ 40. Kh1 Ra8 41. Nf6 Ra1+ 42. Kh2 Bg1+ 43. Kh3 Nf2+ 44. Kg3 Nh1+ 45. Kg4 Nf2+ 46. Kf3 1-0

[Event "Zagreb op"]
[Site "Zagreb"]
[Date "2006.01.20"]
[Round "7"]
[White "Brkic, Ante"]
[Black "Senff, Martin"]
[Result "0-1"]
[WhiteElo "2500"]
[BlackElo "2469"]
[PlyCount "98"]
[EventDate "2006.01.14"]
[EventType "swiss"]
[EventRounds "9"]
[EventCountry "CRO"]
[SourceTitle "CBM 110 Extra"]
[Source "ChessBase"]
[SourceDate "2006.03.10"]
[SourceVersion "2"]
[SourceVersionDate "2006.03.10"]
[SourceQuality "1"]

1. e4 c5 2. Nf3 d6 3. d4 cxd4 4. Nxd4 Nf6 5. Nc3 a6 6. Be3 e5 7. Nf3 Be7 8. Bc4 0-0 9. 0-0 Be6 10. Bb3 Nc6 11. Bg5 Nd7 12. Bxe7 Qxe7 13. Nd5 Qd8 14. c3 Na5 15. Re1 Rc8 16. h3 b5 17. Ne3 Nb6 18. Re2 Qe7 19. Nd5 Bxd5 20. Bxd5 Rfd8 21. Nh2 Nac4 22. Ng4 Nxd5 23. Qxd5 Nb6 24. Qd3 Qe6 25. Ne3 Kf8 26. a3 Rd7 27. Rf1 Kg8 28. f4 exf4 29. Rxf4 Re8 30. Nf5 d5 31. e5 Nc4 32. Qg3 Qg6 33. Rg4 Qxf5 34. Rxg7+ Kh8 35. e6 Rdd8 36. Rxf7 Qg6 37. Qh4 d4 38. e7 Rd6 39. Ref2 d3 40. Rf8+ Kg7 41. Rxe8 d2 42. Ref8 d1Q+ 43. Kh2 Re6 44. Rd8 Qdh5 45. Rd7 Kh6 46. Qf4+ Qhg5 47. Qf8+ Qg7 48. Rf6+ Q5xf6 49. e8Q Qgxf8 0-1

[Event "Basel Hilton op 08th"]
[Site "Basel"]
[Date "2006.01.03"]
[Round "3"]
[White "Senff, Martin"]
[Black "Roiz, Michael"]
[Result "0-1"]
[WhiteElo "2471"]
[BlackElo "2599"]
[PlyCount "78"]
[EventDate "2006.01.01"]
[EventType "swiss"]
[EventRounds "7"]
[EventCountry "SUI"]
[SourceTitle "CBM 110 Extra"]
[Source "ChessBase"]
[SourceDate "2006.03.10"]
[SourceVersion "2"]
[SourceVersionDate "2006.03.10"]
[SourceQuality "1"]

1. e4 c5 2. Nf3 d6 3. Bb5+ Nc6 4. d4 cxd4 5. Qxd4 Bg4 6. Bg5 h6 7. Be3 e5 8. Qd3 Nf6 9. c4 Be7 10. Nc3 0-0 11. 0-0 Nd7 12. Bxc6 bxc6 13. Nd2 a5 14. Na4 Be6 15. Nb3 f5 16. f3 Qb8 17. a3 Qb7 18. Rac1 Qa6 19. Rfd1 fxe4 20. fxe4 Rab8 21. Kh1 Nf6 22. Nd2 Bf7 23. Bg1 Bg6 24. Qe3 Kh7 25. c5 d5 26. exd5 Nxd5 27. Qxe5 Bf6 28. Qg3 Bxb2 29. Nxb2 Rxb2 30. Nc4 Re2 31. Nd6 Nf4 32. Qf3 Rxg2 33. Rc4 Bh5 34. Qe4+ Ng6 35. Rd3 Rg4 36. Qe6 Rxc4 37. Nxc4 Rf4 38. Qd6 Qxc4 39. Re3 Qe4+ 0-1